[Event "Bayern-ch (Women) 72nd"]
[Site "Freising"]
[Date "2001.09.05"]
[Round "6"]
[White "Roos, Karin"]
[Black "Angerer, Margret"]
[Result "0-1"]
[WhiteElo "1614"]
[BlackElo "1361"]
[PlyCount "130"]
[EventDate "2001.09.01"]
[EventType "tourn"]
[EventRounds "9"]
[EventCountry "GER"]
[SourceTitle "EXT 2015"]
[Source "ChessBase"]
[SourceDate "2014.11.20"]
[SourceVersion "1"]
[SourceVersionDate "2014.11.20"]
[SourceQuality "1"]

1. e4 e6 2. f4 d5 3. e5 Nh6 4. Nf3 c5 5. d3 Nc6 6. Be2 Nf5 7. 0-0 Qb6 8. c3 Be7 9. Qe1 f6 10. Kh1 0-0 11. g4 Nh6 12. Qg3 Qd8 13. Nbd2 d4 14. Nh4 fxe5 15. Ndf3 Bd6 16. fxe5 Bxe5 17. Nxe5 Rxf1+ 18. Bxf1 Nxe5 19. g5 Nhf7 20. Bf4 Ng6 21. Nxg6 hxg6 22. Bg2 Qe7 23. Re1 Bd7 24. Be4 Bc6 25. Bxc6 bxc6 26. h4 Re8 27. Qf3 Qd7 28. Qe4 Qd5 29. c4 Qxe4+ 30. Rxe4 e5 31. Bg3 Re6 32. Kg2 Kf8 33. Kf3 Ke7 34. Kg4 Kd6 35. b4 cxb4 36. Rxd4+ Ke7 37. Re4 c5 38. h5 gxh5+ 39. Kxh5 g6+ 40. Kg4 Kd7 41. Kf3 Nxg5+ 42. Ke3 Nxe4 43. Kxe4 Kd6 44. Bh4 a5 45. Bg5 a4 46. Bc1 b3 47. axb3 axb3 48. Bb2 Re7 49. Bc3 Kc6 50. Ke3 Rb7 51. Bb2 Kd7 52. Ke4 Ke6 53. Ke3 Kf5 54. Kf3 g5 55. Ke2 e4 56. d4 cxd4 57. c5 Ke6 58. c6 Rb5 59. Bxd4 b2 60. c7 Kd7 61. Bxb2 Rxb2+ 62. Ke3 Rb4 63. Kd2 Rb3 64. Kc2 Rd3 65. Kc1 g4 0-1

[Event "Bayern-ch (Women) 72nd"]
[Site "Freising"]
[Date "2001.09.02"]
[Round "2"]
[White "Heyne, Regina"]
[Black "Angerer, Margret"]
[Result "0-1"]
[WhiteElo "1322"]
[BlackElo "1361"]
[PlyCount "92"]
[EventDate "2001.09.01"]
[EventType "tourn"]
[EventRounds "9"]
[EventCountry "GER"]
[SourceTitle "EXT 2015"]
[Source "ChessBase"]
[SourceDate "2014.11.20"]
[SourceVersion "1"]
[SourceVersionDate "2014.11.20"]
[SourceQuality "1"]

1. e4 e6 2. Nf3 d5 3. exd5 exd5 4. d4 Bg4 5. Be2 Nd7 6. 0-0 Ngf6 7. Re1 Be7 8. Ne5 Be6 9. Nc3 0-0 10. Bf3 c6 11. Bf4 Bb4 12. Bd2 Bd6 13. a3 Qc7 14. Bf4 Rfe8 15. Bg3 Bf5 16. Nxd7 Qxd7 17. Rxe8+ Rxe8 18. Bxd6 Qxd6 19. Ne2 Ng4 20. Ng3 Nh6 21. Nxf5 Nxf5 22. c3 Qf4 23. Bg4 Nd6 24. Qf3 Qd2 25. Qd1 Qxb2 26. Qc1 Qxc1+ 27. Rxc1 Nc4 28. a4 Nb2 29. a5 Nc4 30. a6 bxa6 31. Bd7 Re7 32. Bxc6 Nb6 33. h3 Rc7 34. Be8 Kf8 35. Bxf7 Kxf7 36. Kf1 a5 37. Ke2 a4 38. Kd3 Nc4 39. Rb1 a3 40. Rb4 a5 41. Rb1 Kg6 42. g3 Rf7 43. Ke2 Kf5 44. Kd3 Nb2+ 45. Ke3 Rc7 46. Kd2 Ke4 0-1